| 000 | 00577nam a22001937a 4500 | ||
|---|---|---|---|
| 005 | 20220712110508.0 | ||
| 008 | 200304b xxu||||| |||| 00| 0 eng d | ||
| 020 |
_a978 81 309 0895 3 _cRs.395.00 |
||
| 040 | _aRBU-Library | ||
| 041 | _aEnglish | ||
| 082 |
_a330.954 _bM552 |
||
| 100 | _aMeredith, Robyn | ||
| 245 |
_aThe Elephant and the Dragon: _bthe rise of India and China and what it means for all of us |
||
| 260 |
_aNew Delhi: _bViva Books, _c2008 |
||
| 300 | _a252p. | ||
| 650 | _aIndia - Economic condition | ||
| 650 | _aChina - Economic condition | ||
| 942 | _cDB | ||
| 999 |
_c118540 _d118540 |
||